000 00572nam a2200229Ia 4500
003 OSt
005 20220925184958.0
006 a|||||r|||| 00| 0
007 ta
008 220923b |||||||| |||| 00| 0 eng d
037 _cGeneral Book
040 _aRTL
_cRTL
_beng
041 _2eng
_aeng
082 _aU287, N2
100 _aLAL D.S.
245 0 _aClimatology
250 _a3
260 _aAllahabad
_bChaitanya Publishing House
_c1992
300 _avii, 408p
_ccm.
942 _hU287, N2
_cGB
_2CC
999 _c509438
_d509438